| 000 | 00773nam a2200229 a 4500 | ||
|---|---|---|---|
| 001 | 40969 | ||
| 003 | BD-RjUL | ||
| 005 | 20211209053315.0 | ||
| 008 | 160512s1966 bg ||||| |||| 00| p ben d | ||
| 020 | _c: Tk. 4.00 | ||
| 035 | _a(BD-RjUL) 41085 | ||
| 040 |
_aBD-RjUL _bben _cBD-RjUL |
||
| 041 | _aben | ||
| 082 |
_223 _a891.441 _bISC 1966 |
||
| 100 |
_aইসলাম, আজহারুল _9123931 |
||
| 245 |
_aছায়াপথ / _cআজহারুল ইসলাম |
||
| 260 |
_aঢাকা : _bইউসুফজী পাবলিকেশান্স, _c১৯৬৬ |
||
| 300 |
_a[১৪], ১৭৪ পৃ. ; _c২১ সেমি. |
||
| 650 |
_aবাংলা কবিতা _9126089 |
||
| 650 |
_aBengali Poetry _9126090 |
||
| 942 |
_2ddc _cBK |
||
| 999 |
_c40969 _d40969 |
||